000 00497nam a2200181Ia 4500
003 SGT
020 _a9788185240633
082 _a625.7
_bKHA
100 _aKhanna,S.K
245 _aHighway engineering
250 _a9th & 10th . . Ed.
260 _bNem Chand & Bros
_aRoorkee
_c2011
300 _a592p.
650 _aCIVIL ENGINEERING
653 _aHIGHWAY DEVELOPMENT, HIGHWAY ALIGNMENT AND SURVEYS, HIGHWAY GEOMETRIC DESIGN, TRAFFIC ENGINEERING
700 _aJusto,CEG
942 _2ddc
_cBK
_07
999 _c5771
_d5771